Ohio Multiple Choice - Statistics

General Stats
  • This quiz has been taken 98 times
  • The average score is 8 of 11
Answer Stats
Question Answer % Correct
What is the capital of Ohio? Columbus
100%
What is the most populated city in Ohio? Columbus
100%
What is the nearest lake near Cleveland (Northeast Ohio) Lake Erie
100%
What is the Ohio state bird? The Cardinal
100%
What is the Ohio state flower? The Red Carnation
100%
What is the farthest city from Columbus? Cleveland
75%
What is the smallest county in Ohio? Lake County
75%
What is the least populated city in Ohio? Oceola
50%
What is the closest city from Columbus? Springfield
50%
What is biggest county fair in Ohio? Canfield Fair
0%
What is the largest county in Ohio? Cuyahoga County
0%
No matching quizzes found
Score Distribution
Percent of People with Each Score
Percentile by Number Answered
Your Score History
You have not taken this quiz